| 000 | 00000nam 2200000za 4500 |
| 001 | 9.822404 |
| 003 | CaOODSP |
| 005 | 20221107143656 |
| 007 | cr ||||||||||| |
| 008 | 160810s1947 oncd #os f001 0 eng d |
| 040 | |aCaOODSP|beng |
| 043 | |an-cn--- |
| 086 | 1 |aCS84-D-50/1944E-PDF |
| 245 | 00|aCancer mortality in Canada and the provinces, 1921-44 |h[electronic resource]. |
| 260 | |a[Ottawa] : |bDominion Bureau of Statistics, Department of Trade and Commerce, |c1947. |
| 300 | |aiii, 17 [85] p. : |bcharts. |
| 490 | 1 |aVital statistics analytical report ; |vno. 3 |
| 500 | |aDigitized edition from print [produced by Statistics Canada]. |
| 520 | |aThis report presents the basic data on cancer mortality in Canada for the period 1921-44. An analysis of the material is given in the opening pages of the report. |
| 692 | 07|2gccst|aCancer |
| 692 | 07|2gccst|aMortality |
| 692 | 07|2gccst|aStatistical analysis |
| 710 | 1 |aCanada. |bDominion Bureau of Statistics.|bDepartment of Trade and Commerce. |
| 830 | #0|aVital statistics analytical report ;|vno. 3 |
| 856 | 40|qPDF|s22.07 MB|uhttps://publications.gc.ca/collections/collection_2016/statcan/CS84-D-50-1944-eng.pdf |